[Event "Sao Paulo Pascoa op"]
[Site "Sao Paulo"]
[Date "2024.03.31"]
[Round "6"]
[White "Ferreira, Leticia Lacera"]
[Black "Ortiz, Gabriel Soares"]
[Result "0-1"]
[WhiteElo "1692"]
[BlackElo "1800"]
[PlyCount "69"]
[EventDate "2024.03.29"]
[EventType "swiss"]
[EventRounds "6"]
[EventCountry "BRA"]
[SourceTitle "CB14_2024"]
[SourceDate "2024.04.01"]
[SourceVersion "1"]
[SourceVersionDate "2024.04.01"]
[SourceQuality "1"]

1. e4 e5 2. Nf3 Nc6 3. Bc4 Bc5 4. c3 Nf6 5. d3 d6 6. a4 a6 7. 0-0 h6 8. Nbd2 Qe7 9. h3 Bd7 10. a5 Be6 11. Bxe6 fxe6 12. Nc4 g5 13. Be3 Bxe3 14. fxe3 0-0-0 15. Qe2 g4 16. hxg4 Nxg4 17. Nh2 Nxh2 18. Kxh2 Qh4+ 19. Kg1 Rdg8 20. Rf2 Rg7 21. Raf1 Qe7 22. Qh5 Rg5 23. Qf7 Qxf7 24. Rxf7 d5 25. Rf8+ Rxf8 26. Rxf8+ Kd7 27. exd5 exd5 28. Nd2 Nxa5 29. b4 Nc6 30. Nf3 Rg7 31. Rf5 Ke6 32. Rh5 Rg6 33. d4 e4 34. Nh2 b6 35. Ng4 0-1